Manual para la evaluación del desempeño laboral (Registro nro. 13037)
[ vista simple ]
| 000 -CABECERA | |
|---|---|
| campo de control de longitud fija | 00935nam a22003497a 4500 |
| 005 - FECHA Y HORA DE ACTUALIZACIÓN | |
| campo de control | 20241011160620.0 |
| 008 - LONGITUD FIJA | |
| campo de control de longitud fija | 210617b xxu||||| |||| 00| 0 spa d |
| 020 ## - INTERNATIONAL STANDARD BOOK NUMBER | |
| Número Internacional Estándar del Libro | 9788426728050 |
| 041 ## - IDIOMA | |
| Código de idioma del texto/pista de sonido o título separado | |
| 082 ## - CLASIFICACIÓN DECIMAL DEWEY | |
| Número de clasificación | 658.3 C965m |
| 100 ## - AUTOR PERSONAL | |
| Nombre de persona | Cuesta Santos, Armando |
| 245 ## - TÍTULO PROPIAMENTE DICHO | |
| Título | Manual para la evaluación del desempeño laboral |
| 260 ## - PIE DE IMPRENTA | |
| Lugar de publicación, distribución, etc. | España |
| 260 ## - PIE DE IMPRENTA | |
| Nombre del editor, distribuidor, etc. | Marcombo |
| 260 ## - PIE DE IMPRENTA | |
| Fecha de publicación, distribución, etc. | 2020 |
| 300 ## - DESCRIPCIÓN FÍSICA | |
| Extensión | 174 páginas |
| 650 ## - Materia General | |
| Materia general | RECURSOS HUMANOS |
| 650 ## - Materia General | |
| Materia general | DESEMPEÑO LABORAL |
| 650 ## - Materia General | |
| Materia general | EVALUACIÓN DEL DESEMPEÑO |
| 650 ## - Materia General | |
| Materia general | PROCESOS |
| 650 ## - Materia General | |
| Materia general | ANÁLISIS |
| 650 ## - Materia General | |
| Materia general | DISEÑO |
| 650 ## - Materia General | |
| Materia general | BALANCE |
| 650 ## - Materia General | |
| Materia general | PERFIL DE COMPETENCIAS |
| 650 ## - Materia General | |
| Materia general | SENTIDO DE COMPROMISO |
| 650 ## - Materia General | |
| Materia general | GESTIÓN HUMANA |
| 650 ## - Materia General | |
| Materia general | CONTROL ESTRATÉGICO |
| 650 ## - Materia General | |
| Materia general | TECNOLOGÍA PARA LA EVALUACIÓN DEL DESEMPEÑO |
| 650 ## - Materia General | |
| Materia general | ESTUDIO DE TIEMPOS |
| 650 ## - Materia General | |
| Materia general | DISCIPLINA LABORAL |
| 942 ## - Punto de Acceso Adicional Koha | |
| Tipo de ítem Koha | Libro |
| Estado perdido | Fuente de clasificación o esquema de estantería | Estado dañado | No para préstamo | Biblioteca permanente | Biblioteca actual | Enumeración serial/Volumen | Signatura completa | Código de barras | En préstamo | Precio efectivo a partir del | Programa Académico | Tipo de ítem |
|---|---|---|---|---|---|---|---|---|---|---|---|---|
| Dewey Decimal Classification | Departamento de Biblioteca y Documentación Alfonso Chase Brenes | Departamento de Biblioteca y Documentación Alfonso Chase Brenes | 1 edición | 658.3 C965m | 25289 | 28/05/2026 | 17/06/2021 | Libro |